Java Script: Наглядный курс создания динамических Web-страниц; пер. с англ.

Détails bibliographiques
Auteur principal: Мэрдок К. Л. Келли Л.
Langue:russe
Publié: Москва, Вильямс, 2001
Sujets:
Format: Livre
KOHA link:https://koha.lib.tpu.ru/cgi-bin/koha/opac-detail.pl?biblionumber=44567

MARC

LEADER 00000nam0a2200000 4500
001 44567
005 20231031022402.0
010 |a 5845901561 
035 |a (RuTPU)RU\TPU\book\46285 
090 |a 44567 
100 |a 20021122d2001 km y0rusy50 ba 
101 1 |a rus 
102 |a RU 
105 |a a j 001zy 
200 1 |a Java Script  |e Наглядный курс создания динамических Web-страниц  |e пер. с англ.  |f К. Л. Мэрдок 
210 |a Москва  |c Вильямс  |d 2001 
215 |a 288 с.  |c ил. 
320 |a Предм. указ.: с. 275-284. 
610 1 |a информатика 
610 1 |a языки сценариев 
610 1 |a JavaScript 
610 1 |a базовые средства 
610 1 |a Web-страницы 
610 1 |a разработка 
675 |a 681.3.06:800.92  |v 3 
700 1 |a Мэрдок  |b К. Л.  |g Келли Л. 
801 1 |a RU  |b 63413507  |c 20021122  |g PSBO 
801 2 |a RU  |b 63413507  |c 20080717  |g PSBO 
942 |c BK